| 000 | 00412 a2200145 4500 | ||
|---|---|---|---|
| 040 |
_aDLC _bDLC |
||
| 082 | _a297.63 | ||
| 100 | _aAfal-ur-Rahman | ||
| 245 |
_aMuhammad (S.A.W): As a Military Leader _cAfal-ur-Rahman |
||
| 260 |
_aLahore: _bIslamic Publications (Pvt) Ltd., _c1998. |
||
| 300 |
_a314 p. ; _c24 cm. |
||
| 500 | _aIncludes Index | ||
| 650 | _aMuhammad (S.A.W.), Prophet. | ||
| 942 |
_cBK _k297.63 AFZ _2ddc |
||
| 999 |
_c7792 _d7792 |
||